[Event "NOR-chB"]
[Site "Moss"]
[Date "2006.07.10"]
[Round "4"]
[White "Lund, Stale"]
[Black "Juul, Kjell"]
[Result "1/2-1/2"]
[WhiteElo "1421"]
[BlackElo "1376"]
[PlyCount "72"]
[EventDate "2006.07.08"]
[EventType "swiss"]
[EventRounds "9"]
[EventCountry "NOR"]
[SourceTitle "EXT 2007"]
[Source "ChessBase"]
[SourceDate "2006.11.23"]
[SourceVersion "1"]
[SourceVersionDate "2006.11.23"]
[SourceQuality "1"]

1. c4 Nf6 2. Nc3 e6 3. g3 c5 4. Bg2 d5 5. cxd5 exd5 6. d4 cxd4 7. Qxd4 Nc6 8. Qd1 d4 9. Ne4 Be7 10. a3 0-0 11. Qc2 Qb6 12. Nh3 Bxh3 13. Bxh3 Nxe4 14. Qxe4 Bf6 15. 0-0 Rfe8 16. Qc2 Rad8 17. Rb1 Ne5 18. b4 d3 19. exd3 Nxd3 20. Be3 Bd4 21. Bxd4 Rxd4 22. Rbd1 Red8 23. Qc3 g6 24. Bg2 Qb5 25. Rd2 Qd7 26. Rfd1 Nf4 27. Rxd4 Ne2+ 28. Kf1 Nxd4 29. Qc4 b6 30. Be4 Qd6 31. h4 Qe5 32. Bc2 Kg7 33. Bb3 Qf6 34. Qc3 Ne6 35. Rd3 Rxd3 36. Qxd3 Qd4 1/2-1/2